| 000 | 00000nam##2200000za#4500 |
| 001 | 9.619113 |
| 003 | CaOODSP |
| 005 | 20210615103253 |
| 007 | ta |
| 008 | 150406|2003||||xxc||||| f|0| 0 eng|d |
| 040 | |aCaOODSP|beng |
| 043 | |an-cn--- |
| 086 | 1 |aH50-3/162-2003E |
| 110 | 1 |aCanada. |bHealth Canada. |
| 245 | 10|aFlesh-eating disease |
| 260 | |bHealth Canada |cJanuary 2003. |
| 300 | |a[2]p. ; |c28 cm. |
| 490 | 1 |aIt's your health |
| 563 | |aProcessed |
| 590 | |a08-46|b2008-11-14 |
| 775 | 08|tLa maladie mangeuse de chair |w(CaOODSP)9.628068 |
| 776 | 0#|tFlesh-eating disease |w(CaOODSP)9.565134 |
| 830 | #0|aIt's your health.|w(CaOODSP)9.514736 |